=LDR 00000nam 2200000 4500 =001 INLIS000000000041422 =005 20130612150947 =008 ***********************************ind** =035 ##$$0010-061300000041422 =041 ##$$a ind =082 ##$$a 574.07 =100 ##$$a soedaryatmo =245 ##$$a biologi 3a kelas 3 cawu I SLTP =300 ##$$a 51 hlm =850 ##$$a NBPNMAT